Koleksi hits Jamal Abdillah [ mtv & karaoke

Bibliographic Details
Format: Book
Published: Kuala Lumpur : Warner Music (Malaysia) Sdn Bhd , 1999
Subjects:

MARC

LEADER 00000cam a2200000 7i4500
001 0000052219
005 20020320.0
090 0 0 |a MUZ   |b JAM 
245 0 0 |a Koleksi hits Jamal Abdillah [  |h cd music] :   |b mtv & karaoke 
260 |a Kuala Lumpur :   |b Warner Music (Malaysia) Sdn Bhd ,   |c 1999 
300 |a 1 CD music (65 minutes) :   |b col 
500 |a Library has 1 copy 
650 0 0 |a Koleksi hits Jamal Abdillah 
999 |a AV 03662   |b CD MUSIC   |c PINJAMAN   |e PERPUSTAKAAN KOMUNITI PETALING JAYA